Surveying. V 3 (Record no. 30833)

MARC details
000 -LEADER
fixed length control field 00277nam a2200121Ia 4500
082 ## - DEWEY DECIMAL CLASSIFICATION NUMBER
Classification number 528
Item number PUN.3
100 ## - MAIN ENTRY--AUTHOR NAME
Personal name PUNIMA, B C
245 #0 - TITLE STATEMENT
Title Surveying. V 3
260 ## - PUBLICATION, DISTRIBUTION, ETC. (IMPRINT)
Place of publication Delhi
Name of publisher Standard
Year of publication 1978
650 ## - SUBJECT ADDED ENTRY--TOPICAL TERM
Topical Term Surveying
942 ## - ADDED ENTRY ELEMENTS (KOHA)
Koha item type Books
Holdings
Withdrawn status Lost status Damaged status Not for loan Home library Current library Date acquired Full call number Accession Number Koha item type
        RRII Library RRII Library 16/12/2021 528 PUN.3 11392 Books